000 00653nam a2200229Ia 4500
003 OSt
005 20220928102007.0
006 a|||||r|||| 00| 0
007 ta
008 220927b |||||||| |||| 00| 0 eng d
024 _a52006
037 _cTextual
040 _aSDCL
_cSDCL
_beng
041 _2eng
_aeng
082 _aO152,3M95:g, N4
100 _aKanahiya Singh
_9396118
245 0 _aRahul Sankrityayan
_b Rahul jee ke jeevan evam krititav ka mulyankan.
260 _aKanpur
_bAtul Prakashan
_c1994
300 _a136p.
_ccm.
942 _hO152,3M95:g, N4
_cTEXL
_2CC
999 _c711829
_d711829